[Event "Lugano op"]
[Site "Lugano"]
[Date "2023.12.09"]
[Round "2"]
[White "Pernigotti, Jacopo"]
[Black "Cattomio, Roberto"]
[Result "1-0"]
[WhiteElo "1707"]
[BlackElo "1502"]
[PlyCount "39"]
[EventDate "2023.12.09"]
[EventType "swiss"]
[EventRounds "5"]
[EventCountry "SUI"]
[SourceTitle "CB51_2023"]
[SourceDate "2023.12.20"]
[SourceVersion "1"]
[SourceVersionDate "2023.12.20"]
[SourceQuality "1"]

1. Nf3 b6 2. g3 Bb7 3. Bg2 d6 4. d4 e6 5. 0-0 Nd7 6. c4 Ngf6 7. Nc3 Qc8 8. Bf4 Be7 9. Qc2 c5 10. Nb5 e5 11. dxe5 dxe5 12. Nxe5 Bxg2 13. Nxd7 Qc6 14. Nxf6+ gxf6 15. Nc7+ Kf8 16. Bh6+ Kg8 17. Qf5 Be4 18. Qg4+ Bg6 19. Nxa8 f5 20. Qf3 1-0

[Event "Lugano op"]
[Site "Lugano"]
[Date "2023.12.09"]
[Round "1"]
[White "Reprintsev, Alexander"]
[Black "Pernigotti, Jacopo"]
[Result "1-0"]
[WhiteElo "2239"]
[BlackElo "1707"]
[PlyCount "71"]
[EventDate "2023.12.09"]
[EventType "swiss"]
[EventRounds "5"]
[EventCountry "SUI"]
[SourceTitle "CB51_2023"]
[SourceDate "2023.12.20"]
[SourceVersion "1"]
[SourceVersionDate "2023.12.20"]
[SourceQuality "1"]

1. e4 e6 2. d4 d5 3. Nc3 Be7 4. e5 c5 5. Qg4 g5 6. Qh5 cxd4 7. Nb5 a6 8. Nxd4 Nc6 9. Ngf3 h6 10. Bd3 Nxd4 11. Nxd4 Bc5 12. Nf3 g4 13. Ng5 hxg5 14. Qxh8 Kd7 15. Qg7 Ne7 16. Bxg5 Qb6 17. 0-0-0 Bd4 18. c3 Qc5 19. Qxf7 Bxf2 20. Kb1 Be3 21. c4 Qc7 22. Qxe7+ Kc6 23. Qxc7+ Kxc7 24. Bxe3 b5 25. cxb5 Bd7 26. b6+ Kc6 27. a4 d4 28. Bxd4 Kd5 29. Bc2 Kc4 30. Ka2 Kd5 31. Rhe1 Bxa4 32. Bxa4 Kc4 33. Bg1 Rd8 34. Re4+ Rd4 35. Rdxd4+ Kc5 36. Rd6# 1-0